000 00768nam a2200253Ia 4500
003 OSt
005 20221005102016.0
006 a|||||r|||| 00| 0
007 ta
008 221004b |||||||| |||| 00| 0 san d
020 _a9789381189160 (hbk)
_c300
024 _a2239
037 _b299, 30/11/2012, Eastern Book Linkers
_cTextual
040 _aCRL
_cCRL
_bsan
041 _2san
_asan
082 _aR625, 15Q1
100 _aGangopadhya Shivram Ed.
_9622784
245 0 _aNyaya parichayakapalatika
260 _aVaranasi
_bBhartiya Vidya Sansthan India
_c2011
300 _a160p.
_ccm.
650 _aPHILOSOPHY
942 _hR625, 15Q1
_cTEXL
_2cc
999 _c1007692
_d1007692